000 01346nam a2200325 a 4500
001 000003618
003 DO-SdBNP
005 20240307073941.0
008 090711s2007 dr a r 000 0 spa d
020 _a9789993425731
040 _aDO-SdBNP
_bspa
_cBNPHU
082 4 _a368.40097293
_bP592s
_222
100 1 _aPichardo Muñiz, Arlette,
_d1957-
_94580
245 1 3 _aLa Seguridad social en la República Dominicana /
_cArlette Pichardo Muñiz, Sandra Suñol Pérez ; colaborador Juan Luis Castillo ; prólogo Maritza Martínez Rodríguez.
260 _aSanto Domingo :
_bINTEC ,
_c2007.
300 _axv, 232 p. :
_bil. ;
_c23 cm.
500 _aIncluye datos biográficos de las autoras en la solapa de la cubierta
500 _aIncluye referencias bibliográficas y notas al pie de las páginas.
504 _aBibliografía: p. 221-225
590 _aInventariado, 2018/LP
650 4 _aSeguridad social
_zRepública Dominicana
_92151
650 4 _aSeguridad social
_zRepública Dominicana
_xLegislación
_91148
650 4 _aPensiones a la vejez
_911122
700 1 _aSuñol Pérez, Sandra
_911123
700 1 _aCastillo, Juan Luis
_911124
700 1 _aMartínez Rodríguez, Maritza,
_eprólogo
_911125
710 2 _aInstituto Tecnológico de Santo Domingo
_978911
910 _aValidado. Control de calidad. MMOLINA
942 _2ddc
_cLBS1
999 _c3441
_d3441